| 000 | 00429nam a2200133Ia 4500 | ||
|---|---|---|---|
| 008 | 231129s1993||||xx |||||||||||||| ||spa|| | ||
| 020 | _a958-643-159-2 | ||
| 040 | _bspa | ||
| 082 | _a327.861 R382 | ||
| 245 | 0 | _aRelaciones diplomaticas de Colombia y la Nueva Granada : Tratados y convenios 1811-1856 | |
| 260 | _c1993 | ||
| 264 | _aFundacion Francisco de Paula Santander | ||
| 942 |
_2ddc _cBKS |
||
| 999 |
_c23920 _d23920 |
||